[Event "Open Nord 2015/2016"]
[Site "Meyreuil"]
[Date "2015.11.20"]
[Round "4.13"]
[White "Ribelles, Anthony"]
[Black "Renoulet, Francoise"]
[Result "1-0"]
[WhiteElo "1415"]
[BlackElo "1020"]
[PlyCount "21"]

1. e4 c5 2. Nf3 Nc6 3. d4 cxd4 4. Nxd4 Nf6 5. Nxc6 bxc6 6. Nc3 g6 7. e5 Nd5 8.
Nxd5 cxd5 9. Qxd5 Rb8 10. e6 Bb7 11. exf7# 1-0

[Event "Open Nord 2015/2016"]
[Site "Meyreuil"]
[Date "2015.11.20"]
[Round "4.14"]
[White "Marcant, Jean-Marc"]
[Black "Fastier, Adrien"]
[Result "0-1"]
[WhiteElo "1399"]
[BlackElo "1199"]
[PlyCount "114"]

1. e4 e6 2. d4 d5 3. e5 c5 4. c3 Nc6 5. Bb5 Qb6 6. Ba4 Nge7 7. Nf3 Nf5 8. O-O
Bd7 9. Be3 Qxb2 10. Qd2 Qxd2 11. Nbxd2 Nxe3 12. fxe3 Be7 13. a3 c4 14. Rab1 b6
15. e4 dxe4 16. Nxe4 O-O 17. Nd6 Nxe5 18. dxe5 Bxa4 19. Nxc4 Rac8 20. Nb2 Bb5
21. c4 Bxc4 22. Nxc4 Rxc4 23. Ra1 Ra4 24. Kh1 Rxa3 25. h3 Rxa1 26. Rxa1 a5 27.
Nd4 Ra8 28. Nb5 f6 29. exf6 Bxf6 30. Ra4 Rd8 31. Kg1 Rd5 32. Nc7 Re5 33. Kf1
Bd8 34. Na6 b5 35. Rd4 Bf6 36. Rd7 a4 37. Rb7 Kf8 38. Nc7 Be7 39. Nxb5 a3 40.
Nc3 Ra5 41. Na2 Kf7 42. Ke2 Kf6 43. Kf3 Rc5 44. Rb3 Rc2 45. Nb4 Bxb4 46. Rxb4
a2 47. Ra4 e5 48. Kg3 Kf5 49. Ra5 Ke4 50. Ra3 Kd4 51. Ra4+ Kd3 52. Ra3+ Ke2 53.
h4 h6 54. Kg4 Kd2 55. Kf5 Kc1 56. Kxe5 Kb1 57. Rb3+ Rb2 0-1

[Event "Open Nord 2015/2016"]
[Site "Meyreuil"]
[Date "2015.11.20"]
[Round "4.15"]
[White "Pietrac, Christian"]
[Black "Cortes, Maria"]
[Result "1-0"]
[WhiteElo "1232"]
[BlackElo "1158"]
[PlyCount "81"]

1. Nf3 Nf6 2. d3 e6 3. g3 Be7 4. Bg2 d5 5. c3 Na6 6. Nbd2 Bd7 7. O-O O-O 8. Re1
Nc5 9. d4 Na4 10. e4 c6 11. Ne5 b5 12. Nxd7 Qxd7 13. exd5 cxd5 14. Nf3 Ne4 15.
Ne5 Qc7 16. Bxe4 Rad8 17. Bd3 f5 18. Qc2 Rf6 19. Bf4 g6 20. Ng4 Qb7 21. Nxf6+
Bxf6 22. Rxe6 Rf8 23. b3 Qd7 24. Rae1 Nb6 25. R1e3 Na8 26. Bd6 Rf7 27. Re8+ Kg7
28. Bf4 Be7 29. Rxa8 g5 30. Be5+ Kh6 31. Qe2 Rf8 32. Rxf8 Bxf8 33. Bxb5 Qf7 34.
h4 g4 35. Bf4+ Kh5 36. Re6 h6 37. Be8 Qxe8 38. Rxe8 Bg7 39. Re7 Kg6 40. Qe6+
Bf6 41. Qf7# 1-0

[Event "Open Nord 2015/2016"]
[Site "Meyreuil"]
[Date "2015.12.11"]
[Round "5.1"]
[White "Graells, Christian"]
[Black "Schiano-Lomoriello, Didier"]
[Result "0-1"]
[WhiteElo "1565"]
[BlackElo "1580"]
[PlyCount "86"]

1. e4 c5 2. Nf3 d6 3. d4 cxd4 4. Nxd4 Nf6 5. Nc3 g6 6. Be3 Bg7 7. f3 O-O 8. Qd2
Nc6 9. O-O-O Bd7 10. Kb1 Rc8 11. g4 Nxd4 12. Bxd4 a6 13. h4 Qa5 14. h5 h6 15.
hxg6 fxg6 16. Be2 g5 17. Qe3 Qd8 18. e5 dxe5 19. Bxe5 Qe8 20. Bd3 Qf7 21. Bxf6
exf6 22. Qe4 f5 23. Qxb7 Bxc3 24. Qxa6 Ra8 25. Bc4 Rxa6 26. Bxf7+ Rxf7 27. bxc3
fxg4 28. fxg4 Bxg4 29. Rd4 Be6 30. c4 Kg7 31. Rg1 Rc7 32. Rgd1 Bxc4 33. Rd7+
Rxd7 34. Rxd7+ Kg6 35. Rb7 Bxa2+ 36. Kb2 Bd5 37. Rb5 Bf3 38. Kc1 Rd6 39. c4 h5
40. c5 Re6 41. Rb6 Rxb6 42. cxb6 h4 43. Kd2 h3 0-1

[Event "Open Nord 2015/2016"]
[Site "Meyreuil"]
[Date "2015.12.11"]
[Round "5.2"]
[White "Lemarchand, Fabien"]
[Black "Jean, Nicolas"]
[Result "0-1"]
[WhiteElo "1399"]
[BlackElo "1929"]
[PlyCount "62"]

1. e4 c6 2. d4 d5 3. f3 dxe4 4. fxe4 e5 5. Nf3 exd4 6. Qxd4 Qxd4 7. Nxd4 Bd6 8.
Be3 Nf6 9. Nc3 Bg4 10. Nf3 Nbd7 11. O-O-O Bc7 12. Bd3 O-O 13. h3 Bh5 14. g4 Bg6
15. Nh4 Ne5 16. Nxg6 hxg6 17. Rhf1 Nxd3+ 18. cxd3 Bb6 19. Bg5 Nh7 20. Bf4 Rad8
21. Kc2 Rfe8 22. Rf3 Nf8 23. Ne2 Ne6 24. Be3 Bxe3 25. Rxe3 c5 26. a3 f5 27. Nc3
Nd4+ 28. Kc1 b5 29. Rde1 f4 30. R3e2 Nxe2+ 31. Nxe2 f3 0-1

[Event "Open Nord 2015/2016"]
[Site "Meyreuil"]
[Date "2015.12.11"]
[Round "5.3"]
[White "Mamah, Isabelle"]
[Black "Pelopidas, Florian"]
[Result "1-0"]
[WhiteElo "1796"]
[BlackElo "1487"]
[PlyCount "59"]

1. e4 c5 2. Nf3 Nc6 3. c3 Nf6 4. e5 Nd5 5. d4 cxd4 6. cxd4 d6 7. Bc4 Nb6 8. Bb5
e6 9. O-O dxe5 10. Nxe5 Bd7 11. Nxd7 Qxd7 12. Qg4 g6 13. Bf4 Qxd4 14. Bxc6+
bxc6 15. Qg3 Qd7 16. Be5 Rg8 17. Nc3 Nd5 18. Ne4 Bg7 19. Rad1 Bxe5 20. Qxe5 Qe7
21. Rc1 f6 22. Qg3 f5 23. Nd6+ Kf8 24. Rxc6 Rd8 25. Nc4 Nb4 26. Rc7 Rd7 27.
Rxd7 Qxd7 28. Qb8+ Kf7 29. Ne5+ Ke7 30. Qxg8 1-0

[Event "Open Nord 2015/2016"]
[Site "Meyreuil"]
[Date "2015.12.11"]
[Round "5.4"]
[White "Vialette, Eric"]
[Black "Andriamandimbisoa, Mathieu"]
[Result "1-0"]
[WhiteElo "1686"]
[BlackElo "1722"]
[PlyCount "101"]

1. e4 e6 2. d3 d5 3. Nd2 c5 4. Ngf3 Nc6 5. g3 Nf6 6. Bg2 Be7 7. O-O O-O 8. Re1
Re8 9. e5 Nd7 10. Nf1 b5 11. h4 a5 12. N1h2 Bb7 13. Ng4 b4 14. Bf4 Nb6 15. Ng5
h6 16. Nxh6+ gxh6 17. Nxf7 Kxf7 18. Qh5+ Kg8 19. Qg6+ Kh8 20. Qxh6+ Kg8 21.
Qxe6+ Kh8 22. Qh6+ Kg8 23. Qg6+ Kh8 24. e6 Bf6 25. e7 Rxe7 26. Qxf6+ Rg7 27.
Bg5 Qxf6 28. Bxf6 Rf8 29. Bxg7+ Kxg7 30. Re6 Nc8 31. h5 Nd4 32. Rg6+ Kf7 33.
Kf1 Rg8 34. Rxg8 Kxg8 35. c3 Nf5 36. Re1 Kg7 37. Bh3 Nce7 38. g4 Ba6 39. gxf5
Bxd3+ 40. Kg1 Nxf5 41. Rd1 Be4 42. Bxf5 Bxf5 43. cxb4 axb4 44. Rxd5 Be6 45.
Rxc5 Bxa2 46. Rb5 b3 47. Kg2 Kh6 48. Kg3 Kg7 49. Rb6 Kh7 50. Kf4 Kg7 51. Kg5
1-0

[Event "Open Nord 2015/2016"]
[Site "Meyreuil"]
[Date "2015.12.11"]
[Round "5.5"]
[White "Tchifteyan, Philippe"]
[Black "Scamaroni, Jean-Paul"]
[Result "1-0"]
[WhiteElo "1685"]
[BlackElo "1600"]
[PlyCount "99"]

1. e4 c5 2. c3 d5 3. e5 Nc6 4. d4 Bf5 5. Nf3 e6 6. a3 a6 7. Bd3 Bxd3 8. Qxd3 h6
9. b4 cxb4 10. cxb4 Qb6 11. O-O Nge7 12. Nbd2 Nf5 13. Nb3 a5 14. g4 Nfe7 15. b5
a4 16. Nc5 Na7 17. Rb1 Ng6 18. Nxa4 Qa5 19. Qb3 Be7 20. Bd2 Qd8 21. Nc5 b6 22.
Na6 O-O 23. Rfc1 Nh4 24. Nxh4 Bxh4 25. a4 f6 26. Nc7 fxe5 27. f4 Qd7 28. Nxa8
Rxa8 29. fxe5 Qf7 30. Rf1 Qg6 31. Qf3 Kh7 32. Rbc1 Rd8 33. Rc7 Nc8 34. h3 Rg8
35. Rfc1 Ne7 36. Kh2 Bg5 37. Bxg5 Qxg5 38. Qd3+ Kh8 39. Rf1 Ng6 40. Rcf7 h5 41.
gxh5 Qxh5 42. Qf3 Qh6 43. Rg1 Rc8 44. Qg3 Rc2+ 45. Rf2 Rxf2+ 46. Qxf2 Nf4 47.
h4 Nd3 48. Qg3 Nb2 49. a5 bxa5 50. b6 1-0

[Event "Open Nord 2015/2016"]
[Site "Meyreuil"]
[Date "2015.12.11"]
[Round "5.6"]
[White "Mignemi, Denis"]
[Black "Amoros, Jean"]
[Result "0-1"]
[WhiteElo "1607"]
[BlackElo "1469"]
[PlyCount "46"]

1. d4 Nf6 2. Nf3 e6 3. c4 c5 4. e3 Be7 5. Bd3 Nc6 6. a3 b6 7. Nc3 Bb7 8. O-O a6
9. Qc2 Qc7 10. Ne4 Nxe4 11. Bxe4 f5 12. Bd3 g5 13. dxc5 Bxc5 14. b4 Be7 15. Bb2
Rg8 16. b5 g4 17. Nd4 Ne5 18. Be2 Nf3+ 19. Bxf3 gxf3 20. g3 f4 21. Qxh7 O-O-O
22. Qxe7 fxg3 23. hxg3 Rxg3+ 0-1

[Event "Open Nord 2015/2016"]
[Site "Meyreuil"]
[Date "2015.12.11"]
[Round "5.8"]
[White "Bouriel, Michel"]
[Black "Corrias, Robert"]
[Result "1-0"]
[WhiteElo "1465"]
[BlackElo "1600"]
[PlyCount "129"]

1. Nf3 Nf6 2. c4 e6 3. Nc3 Nc6 4. d3 d5 5. cxd5 exd5 6. g3 Be6 7. Bg2 Bd6 8.
O-O O-O 9. Ng5 a6 10. a3 Rb8 11. b4 Qd7 12. Nxe6 fxe6 13. Qb3 Nd4 14. Qd1 c6
15. Bb2 e5 16. Na4 Qe7 17. Bxd4 exd4 18. Rc1 Nd7 19. Re1 Qf6 20. Rf1 Qg6 21.
Bh3 Rbe8 22. Bxd7 Re7 23. Bh3 Qh5 24. Bg2 Rxe2 25. f4 Qe8 26. Re1 Qe3+ 27. Kh1
Re8 28. Rxe2 Qxe2 29. Qxe2 Rxe2 30. Bf1 Ra2 31. Nc5 Bxc5 32. bxc5 Rb2 33. Ra1
Kf7 34. a4 a5 35. h3 b6 36. cxb6 Rxb6 37. Kg2 Ke7 38. Kf3 Kd6 39. g4 Rb3 40. f5
c5 41. Kf4 Rb2 42. Kg5 Rf2 43. h4 Rf3 44. h5 Rg3 45. Re1 h6+ 46. Kf4 Re3 47.
Rxe3 dxe3 48. Kxe3 Ke5 49. Kd2 Kf4 50. Be2 Kg5 51. Kc3 Kf4 52. Bd1 Ke3 53. Kc2
d4 54. Kb3 Kxd3 55. Bc2+ Kd2 56. Be4 Ke3 57. Bb1 Kf4 58. Kc4 Kxg4 59. Kb5 Kxh5
60. Kxa5 c4 61. Kb4 Kg4 62. Kxc4 h5 63. a5 h4 64. a6 h3 65. a7 1-0

[Event "Open Nord 2015/2016"]
[Site "Meyreuil"]
[Date "2015.12.11"]
[Round "5.9"]
[White "Vacher Coponat, Sebastien"]
[Black "Hidreau, Olivier"]
[Result "1-0"]
[WhiteElo "1520"]
[BlackElo "1440"]
[PlyCount "62"]

1. e4 e6 2. d4 d5 3. exd5 exd5 4. Bd3 Bd6 5. Nc3 c6 6. Be3 Ne7 7. Qd2 Bf5 8.
O-O-O Bxd3 9. Qxd3 O-O 10. f4 f5 11. Nf3 Ng6 12. g3 b5 13. h4 h5 14. Ng5 Qc8
15. Qe2 Nxf4 16. Bxf4 Bxf4+ 17. gxf4 g6 18. Qe7 Qd7 19. Rde1 Qxe7 20. Rxe7 Na6
21. Re6 Kg7 22. Rxc6 Rf6 23. Rxf6 Kxf6 24. Nxd5+ Kg7 25. Re1 Kf8 26. Re6 Rd8
27. Rxa6 Rxd5 28. Rxg6 a5 29. c3 b4 30. Re6 bxc3 31. bxc3 a4 1-0

[Event "Open Nord 2015/2016"]
[Site "Meyreuil"]
[Date "2015.12.11"]
[Round "5.10"]
[White "Lupinacci, Patrick"]
[Black "Perdiolat, Francis"]
[Result "1-0"]
[WhiteElo "1440"]
[BlackElo "1516"]
[PlyCount "103"]

1. e4 d6 2. Nf3 Nf6 3. d4 g6 4. Nc3 Bg7 5. Be2 O-O 6. O-O e5 7. h3 b6 8. Be3
Bb7 9. d5 c6 10. Qd2 Re8 11. Bg5 Nbd7 12. Nh2 Qc7 13. Rad1 Nc5 14. f3 b5 15. b4
Ncd7 16. dxc6 Qxc6 17. Bxb5 Qc7 18. Ba4 Rac8 19. Nb5 Qb6+ 20. Be3 Qa6 21. Nxd6
Qxa4 22. Nxb7 Rxc2 23. Qd3 Rxa2 24. Nc5 Nxc5 25. Bxc5 Qc2 26. Qxc2 Rxc2 27. Ra1
a5 28. Rfc1 Rxc1+ 29. Rxc1 Rc8 30. Ra1 Nd7 31. Rxa5 Nxc5 32. Rxc5 Rxc5 33. bxc5
Bf6 34. Kf1 Bd8 35. Ke2 Kf8 36. Ng4 f6 37. Kd3 Ke8 38. Kc4 Kd7 39. Kd5 h5 40.
Ne3 Be7 41. Nc4 Bd8 42. c6+ Kc7 43. h4 g5 44. hxg5 fxg5 45. Nxe5 Bf6 46. Nd3
Bg7 47. e5 Bf8 48. e6 Bd6 49. Nf2 h4 50. Nd3 Be7 51. Ne5 Bf6 52. Ng6 1-0

[Event "Open Nord 2015/2016"]
[Site "Meyreuil"]
[Date "2015.12.11"]
[Round "5.11"]
[White "Salvi, Michel"]
[Black "Ribelles, Anthony"]
[Result "1-0"]
[WhiteElo "1718"]
[BlackElo "1415"]
[PlyCount "109"]

1. e4 e5 2. Nf3 Nc6 3. d4 exd4 4. Nxd4 Nf6 5. Nc3 Bb4 6. Nxc6 bxc6 7. Bd3 d6 8.
O-O h6 9. Be3 Bb7 10. f3 Qd7 11. Ne2 c5 12. a4 Ba5 13. c3 O-O 14. Ng3 Rfe8 15.
Qd2 c4 16. Bxc4 Bb6 17. Bxb6 axb6 18. Qd3 Ra5 19. b4 Rxa4 20. Rxa4 Qxa4 21. Bb5
Qa8 22. Bxe8 Nxe8 23. Qd4 Qa2 24. c4 c5 25. bxc5 bxc5 26. Qc3 Ba6 27. Rc1 Nc7
28. Nf5 Ne6 29. g3 Nd4 30. Nxd4 cxd4 31. Qxd4 Qe2 32. Qf2 Qd3 33. Qf1 Qe3+ 34.
Kg2 f5 35. Re1 Qd2+ 36. Qe2 Qxe2+ 37. Rxe2 Bxc4 38. Rd2 fxe4 39. fxe4 Kf7 40.
Rxd6 Ke7 41. e5 Be6 42. Kf3 Bh3 43. g4 h5 44. gxh5 Be6 45. Kf4 Kf7 46. Kg5 Bh3
47. h6 gxh6+ 48. Kxh6 Be6 49. h4 Bg4 50. Kg5 Be6 51. h5 Ba2 52. h6 Kg8 53. Rg6+
Kh8 54. e6 Bxe6 55. Rxe6 1-0

[Event "Open Nord 2015/2016"]
[Site "Meyreuil"]
[Date "2015.12.11"]
[Round "5.12"]
[White "Fastier, Adrien"]
[Black "Person, Claude"]
[Result "1-0"]
[WhiteElo "1347"]
[BlackElo "1217"]
[PlyCount "123"]

1. d4 e6 2. c4 Be7 3. g3 c6 4. Bg2 Nf6 5. Bg5 O-O 6. Nc3 d5 7. e3 Nbd7 8. Nge2
dxc4 9. O-O Nd5 10. Bxe7 Qxe7 11. Qa4 N7b6 12. Nxd5 cxd5 13. Qc2 Bd7 14. Nc3
Bc6 15. e4 Rfd8 16. Rfe1 Qd7 17. Re2 Na4 18. Rae1 Nxc3 19. bxc3 Qc8 20. exd5
exd5 21. Re7 Rd7 22. Qf5 Rxe7 23. Qxc8+ Rxc8 24. Rxe7 Kf8 25. Re5 f6 26. Rf5
Rd8 27. Kf1 Kf7 28. Ke1 g6 29. Rf3 f5 30. g4 Kf6 31. gxf5 g5 32. Re3 Rd6 33.
Kd2 h5 34. h3 h4 35. Re5 a5 36. Kc2 b5 37. Kb2 b4 38. Kc2 Ba4+ 39. Kb2 Bc6 40.
Bh1 Rd8 41. Re6+ Kxf5 42. Rxc6 Re8 43. Bf3 Re1 44. Bxd5 Re2+ 45. Kb1 Re1+ 46.
Kc2 Re2+ 47. Kd1 Rxa2 48. cxb4 axb4 49. Bxc4 Rxf2 50. Ke1 Rb2 51. Rb6 Kf4 52.
Kd1 Kg3 53. Kc1 Rf2 54. Be6 Rf6 55. d5 Rf4 56. d6 Rd4 57. d7 Kf4 58. Rxb4 Rxb4
59. d8=Q Rb5 60. Qd6+ Ke3 61. Qd2+ Kf3 62. Qd3+ 1-0

[Event "Open Nord 2015/2016"]
[Site "Meyreuil"]
[Date "2015.12.11"]
[Round "5.13"]
[White "Husson, Etienne"]
[Black "Marcant, Jean-Marc"]
[Result "0-1"]
[WhiteElo "1090"]
[BlackElo "1399"]
[PlyCount "42"]

1. d4 d5 2. c4 c6 3. Nc3 Nf6 4. Nf3 Bf5 5. Nh4 e6 6. Nxf5 exf5 7. cxd5 cxd5 8.
Qb3 Qd7 9. e3 a6 10. Be2 Be7 11. Bf3 O-O 12. Bd2 Ne4 13. Ke2 Nc6 14. Nxd5 Rfe8
15. Nb6 Nxd2 16. Kxd2 Bb4+ 17. Ke2 Nxd4+ 18. Kf1 Nxb3 19. Nxd7 Nxa1 20. Bxb7
Ra7 21. Bc6 Rd8 0-1

[Event "Open Nord 2015/2016"]
[Site "Meyreuil"]
[Date "2015.12.11"]
[Round "5.14"]
[White "Schoeni, Christine"]
[Black "Salvi, Angele"]
[Result "1-0"]
[WhiteElo "1120"]
[BlackElo "1014"]
[PlyCount "111"]

1. d4 f5 2. Nc3 g6 3. Bg5 Bg7 4. e3 d6 5. Bb5+ c6 6. Bc4 h6 7. Bh4 d5 8. Bd3
Nf6 9. Bxf6 Bxf6 10. Nf3 O-O 11. O-O Qe8 12. Ne2 Nd7 13. c3 e5 14. dxe5 Nxe5
15. Nxe5 Qxe5 16. Nd4 Qd6 17. f4 Bd7 18. Nf3 Rae8 19. Re1 Re7 20. Qd2 Rfe8 21.
Kf2 Kg7 22. Nd4 a6 23. Re2 c5 24. Nc2 c4 25. Bxc4 Bc6 26. Bd3 Re6 27. Rae1 Qe7
28. Nd4 Bxd4 29. cxd4 Qh4+ 30. Kg1 Rf6 31. Bc2 Bb5 32. Bd3 Bc4 33. b3 Bxd3 34.
Qxd3 Rc6 35. Rc2 Ree6 36. Rxc6 Rxc6 37. Qd2 Re6 38. Qc2 Qe7 39. Kf2 Kf6 40. Qc5
Qd8 41. Rc1 Rc6 42. Qa3 Qd7 43. Ke2 Qc8 44. Kd2 g5 45. g3 g4 46. b4 b5 47.
Rxc6+ Qxc6 48. Qc1 Qe6 49. Qc2 Kg6 50. a4 Qd7 51. a5 h5 52. Qc5 h4 53. Qb6+ Kh5
54. Qxa6 Qe8 55. Qf6 Qg6 56. Qxh4# 1-0

[Event "Open Nord 2015/2016"]
[Site "Meyreuil"]
[Date "2016.01.15"]
[Round "6.1"]
[White "Schiano-Lomoriello, Didier"]
[Black "Mamah, Isabelle"]
[Result "0-1"]
[WhiteElo "1580"]
[BlackElo "1796"]
[PlyCount "90"]

1. e4 c5 2. Nf3 g6 3. d4 cxd4 4. Nxd4 Nf6 5. f3 Bg7 6. c4 O-O 7. Nc3 Qb6 8. Nc2
Nc6 9. b3 Nxe4 10. Nxe4 Bxa1 11. Nxa1 d6 12. Qd2 Bf5 13. Bd3 Rad8 14. Qh6 Bxe4
15. Bxe4 Qa5+ 16. Qd2 Qc5 17. Nc2 e6 18. Ne3 f5 19. Bb1 d5 20. cxd5 exd5 21.
Nc2 Rfe8+ 22. Kd1 d4 23. Re1 d3 24. Rxe8+ Rxe8 25. Ne1 Rd8 26. Bxd3 Qe7 27. Qc3
h5 28. Bb2 Kh7 29. Kc2 Nb4+ 30. Kb1 Nxd3 31. Nxd3 Qd7 32. Nc1 Rc8 33. Qe5 b5
34. a3 a5 35. Ka2 a4 36. Qf6 b4 37. g4 bxa3 38. Bxa3 axb3+ 39. Nxb3 hxg4 40.
fxg4 fxg4 41. Qh4+ Kg8 42. Qg5 Qf5 43. Qe3 Ra8 44. Qc3 Rc8 45. Qd2 Rc2+ 0-1

[Event "Open Nord 2015/2016"]
[Site "Meyreuil"]
[Date "2016.01.15"]
[Round "6.2"]
[White "Jean, Nicolas"]
[Black "Graells, Christian"]
[Result "1-0"]
[WhiteElo "1929"]
[BlackElo "1565"]
[PlyCount "57"]

1. e4 e5 2. Nf3 Nc6 3. Bc4 Bc5 4. c3 Nf6 5. d3 a6 6. Bb3 Ba7 7. Nbd2 d6 8. h3
O-O 9. Nf1 h6 10. g4 Nh7 11. Ng3 Be6 12. Bc2 Ne7 13. Rg1 f6 14. Nf5 Ng6 15. h4
Nf4 16. Bxf4 exf4 17. Qd2 g5 18. Nxh6+ Kg7 19. Nf5+ Kf7 20. a3 c6 21. O-O-O a5
22. Rg2 c5 23. Rh1 Rh8 24. Rgh2 Bxf5 25. exf5 Rg8 26. Qe2 Re8 27. hxg5 Rxe2 28.
Rxh7+ Ke8 29. Ba4+ 1-0

[Event "Open Nord 2015/2016"]
[Site "Meyreuil"]
[Date "2016.01.15"]
[Round "6.3"]
[White "Tchifteyan, Philippe"]
[Black "Vialette, Eric"]
[Result "1-0"]
[WhiteElo "1685"]
[BlackElo "1686"]
[PlyCount "61"]

1. e4 d5 2. e5 Bf5 3. d4 e6 4. h4 Be7 5. g4 Bxh4 6. gxf5 exf5 7. Qh5 Be7 8.
Qxf5 g6 9. Qd3 c6 10. Nc3 Qb6 11. Nf3 Na6 12. a3 Nc7 13. b4 a6 14. Bh3 Nb5 15.
Na4 Qd8 16. O-O Nc7 17. c4 b5 18. cxb5 axb5 19. Nc5 Bxc5 20. dxc5 Ne6 21. Bxe6
fxe6 22. Bg5 Qc7 23. Rfe1 Qf7 24. Nd4 Kd7 25. a4 Ne7 26. axb5 Rhb8 27. Bxe7
Qxe7 28. bxc6+ Kc7 29. Rxa8 Rxa8 30. b5 Kc8 31. Qh3 1-0

[Event "Open Nord 2015/2016"]
[Site "Meyreuil"]
[Date "2016.01.15"]
[Round "6.4"]
[White "Amoros, Jean"]
[Black "Pelopidas, Florian"]
[Result "0-1"]
[WhiteElo "1469"]
[BlackElo "1487"]
[PlyCount "82"]

1. e4 c5 2. Nf3 d6 3. Bd3 Nf6 4. h3 g6 5. c3 Bg7 6. Bc2 O-O 7. d3 Nc6 8. Be3
Nd7 9. Qd2 Nde5 10. Na3 Nxf3+ 11. gxf3 Bd7 12. O-O-O e6 13. f4 b6 14. h4 Qe7
15. h5 Rae8 16. hxg6 fxg6 17. Rh2 Rf7 18. f3 Bf6 19. Rdh1 Ref8 20. Bf2 Rg7 21.
Nc4 d5 22. Ne3 d4 23. e5 dxe3 24. Bxe3 Bxe5 25. fxe5 Nxe5 26. Qg2 Rgf7 27. Bg5
Qd6 28. f4 Bc6 29. Qe2 Bxh1 30. Rxh1 Nc6 31. d4 cxd4 32. Bxg6 hxg6 33. Qh2 Rg7
34. Bh6 Rh7 35. Qg3 Rxh6 36. Rxh6 Qxf4+ 37. Qxf4 Rxf4 38. Rxg6+ Kf7 39. Rg3 e5
40. cxd4 Rxd4 41. Rh3 Rd6 0-1

[Event "Open Nord 2015/2016"]
[Site "Meyreuil"]
[Date "2016.01.15"]
[Round "6.5"]
[White "Andriamandimbisoa, Mathieu"]
[Black "Lemarchand, Fabien"]
[Result "1-0"]
[WhiteElo "1722"]
[BlackElo "1399"]
[PlyCount "45"]

1. d4 Nf6 2. Nf3 d5 3. c4 c6 4. Nc3 Bf5 5. Bg5 Nbd7 6. cxd5 cxd5 7. Qb3 Qa5 8.
Bxf6 Nxf6 9. Qxb7 Rd8 10. e3 Qb6 11. Qxb6 axb6 12. Ne5 e6 13. Bb5+ Nd7 14. Nxd7
Rxd7 15. Bxd7+ Kxd7 16. O-O Bb4 17. Rac1 Bd3 18. Rfd1 Bc4 19. b3 Ba6 20. a4 Rb8
21. Nb5 Rb7 22. h3 Kd8 23. Rc6 1-0

[Event "Open Nord 2015/2016"]
[Site "Meyreuil"]
[Date "2016.01.15"]
[Round "6.6"]
[White "Andonian, Pierre"]
[Black "Bouriel, Michel"]
[Result "1-0"]
[WhiteElo "1495"]
[BlackElo "1465"]
[PlyCount "97"]

1. Nf3 Nf6 2. d3 g6 3. Bg5 Bg7 4. Qc1 O-O 5. e4 d6 6. h3 c5 7. Nc3 Nc6 8. Be2
a6 9. Bh6 b5 10. Bxg7 Kxg7 11. Nh2 Nd4 12. Qd2 b4 13. Nd5 Nxd5 14. exd5 Bb7 15.
O-O Nxe2+ 16. Qxe2 Bxd5 17. c4 Bc6 18. b3 e5 19. Ng4 Qg5 20. Ne3 f5 21. Nd5
Bxd5 22. cxd5 Rae8 23. d4 exd4 24. Qxa6 Qf6 25. Rae1 Ra8 26. Qb7+ Kh6 27. Re7
Rh8 28. Re6 Qf8 29. Ra1 Rb8 30. Qa6 Rd8 31. Qd3 Re8 32. Rae1 Rxe6 33. Rxe6 Qd8
34. Qg3 Qg5 35. Qd3 Ra8 36. Qc2 d3 37. Qxd3 Rxa2 38. Qf3 Ra6 39. Kh2 Qh4 40. g4
Qg5 41. gxf5 Kg7 42. f6+ Kf8 43. f7 Qf5 44. Re8+ Kxf7 45. Qe3 Qf6 46. Rb8 Ra2
47. Qe8+ Kg7 48. Qh8+ Kf7 49. Rf8+ 1-0

[Event "Open Nord 2015/2016"]
[Site "Meyreuil"]
[Date "2016.01.15"]
[Round "6.7"]
[White "Fastier, Adrien"]
[Black "Lupinacci, Patrick"]
[Result "0-1"]
[WhiteElo "1347"]
[BlackElo "1440"]
[PlyCount "58"]

1. d4 d5 2. c4 c6 3. Nf3 Nf6 4. b3 g6 5. g3 Bg7 6. Bg2 O-O 7. Nc3 e6 8. O-O
Nbd7 9. Re1 Re8 10. e4 dxe4 11. Nxe4 Nxe4 12. Rxe4 Nb6 13. Bb2 c5 14. Qd2 Qc7
15. Ba3 f5 16. Re2 cxd4 17. Nxd4 Rd8 18. Bb2 e5 19. Nb5 Rxd2 20. Nxc7 Rxe2 21.
Nxa8 Nxa8 22. Rb1 e4 23. Bxg7 Kxg7 24. Ra1 Bd7 25. Kf1 Rd2 26. Ke1 Rc2 27. Rd1
Bc6 28. Rd2 Rxd2 29. Kxd2 e3+ 0-1

[Event "Open Nord 2015/2016"]
[Site "Meyreuil"]
[Date "2016.01.15"]
[Round "6.8"]
[White "Vacher Coponat, Sebastien"]
[Black "Salvi, Michel"]
[Result "1-0"]
[WhiteElo "1520"]
[BlackElo "1718"]
[PlyCount "75"]

1. e4 c5 2. Nf3 d6 3. d4 cxd4 4. Nxd4 Nf6 5. Nc3 a6 6. Bc4 Nxe4 7. Bxf7+ Kxf7
8. Nxe4 Qa5+ 9. c3 Nc6 10. Qf3+ Ke8 11. Nxc6 bxc6 12. Nxd6+ Kd7 13. Nxc8 Rxc8
14. Bf4 e6 15. O-O-O+ Ke8 16. Rhe1 Qxa2 17. Qe4 Be7 18. Qxe6 Qxe6 19. Rxe6 Kf7
20. Re4 Rhd8 21. Rxe7+ Kxe7 22. Bg5+ Ke8 23. Rxd8+ Rxd8 24. Bxd8 Kxd8 25. Kc2
Kd7 26. Kd3 a5 27. Kc4 Kd6 28. f4 h5 29. g3 g6 30. h3 Kd7 31. Kc5 Kc7 32. g4 h4
33. f5 gxf5 34. gxf5 Kd7 35. f6 Ke6 36. Kxc6 Kxf6 37. Kd6 Kf5 38. c4 1-0

[Event "Open Nord 2015/2016"]
[Site "Meyreuil"]
[Date "2016.01.15"]
[Round "6.9"]
[White "Hidreau, Olivier"]
[Black "Scamaroni, Jean-Paul"]
[Result "0-1"]
[WhiteElo "1440"]
[BlackElo "1600"]
[PlyCount "60"]

1. e4 c5 2. c3 d5 3. exd5 Qxd5 4. d4 cxd4 5. cxd4 Nc6 6. Be3 e6 7. a3 Nf6 8. h3
a6 9. Nc3 Qd8 10. Nf3 Be7 11. Bc4 b5 12. Ba2 b4 13. Nb1 bxa3 14. bxa3 O-O 15.
O-O Nd5 16. Bxd5 Qxd5 17. Nc3 Qd8 18. Ne5 Nxe5 19. dxe5 Qc7 20. Bd4 Bb7 21. f4
Rfd8 22. Ne2 Qc6 23. Rf3 Qd7 24. Rd3 Be4 25. Rd2 Qd5 26. Nc3 Qb7 27. Nxe4 Qxe4
28. g3 Rxd4 29. Rxd4 Bc5 30. Kf1 Bxd4 0-1

[Event "Open Nord 2015/2016"]
[Site "Meyreuil"]
[Date "2016.01.15"]
[Round "6.11"]
[White "Corrias, Robert"]
[Black "Renoulet, Francoise"]
[Result "1-0"]
[WhiteElo "1600"]
[BlackElo "1020"]
[PlyCount "55"]

1. Nc3 c5 2. d4 d6 3. dxc5 d5 4. Qxd5 Qa5 5. a3 Nf6 6. Qc4 Bd7 7. b4 Qc7 8. Bf4
e5 9. Bg3 Be6 10. Qb5+ Nbd7 11. e4 Be7 12. Rd1 O-O 13. Nd5 Nxd5 14. exd5 a6 15.
Qd3 Bg4 16. f3 Bh5 17. d6 Qc6 18. dxe7 Rfe8 19. Qxd7 Qg6 20. Bd3 f5 21. Bxf5
Qf7 22. Be6 Kh8 23. Bxf7 Bxf7 24. Nh3 Rad8 25. Qxd8 Rxd8 26. Rxd8+ Bg8 27. e8=Q
h6 28. Qxg8# 1-0

[Event "Open Nord 2015/2016"]
[Site "Meyreuil"]
[Date "2016.01.15"]
[Round "6.12"]
[White "Perdiolat, Francis"]
[Black "Schoeni, Christine"]
[Result "1-0"]
[WhiteElo "1516"]
[BlackElo "1120"]
[PlyCount "55"]

1. e4 e5 2. Bc4 d6 3. Nf3 f6 4. O-O Ne7 5. d4 d5 6. exd5 Nxd5 7. dxe5 Nb6 8.
Bf7+ Ke7 9. exf6+ gxf6 10. Re1+ Be6 11. Rxe6+ Kxf7 12. Qxd8 Kxe6 13. Nc3 c6 14.
Bf4 N6d7 15. Qe8+ Kf5 16. Qe4+ Kg4 17. Bxb8+ Kh5 18. Qf5+ Kh6 19. Bf4+ Kg7 20.
Qg4+ Kf7 21. Qxd7+ Be7 22. Re1 Rae8 23. Bd6 Kg7 24. Rxe7+ Rxe7 25. Qxe7+ Kg6
26. Ne4 h6 27. Qxf6+ Kh7 28. Qf7# 1-0

[Event "Open Nord 2015/2016"]
[Site "Meyreuil"]
[Date "2016.01.15"]
[Round "6.13"]
[White "Ribelles, Anthony"]
[Black "Pietrac, Christian"]
[Result "1-0"]
[WhiteElo "1415"]
[BlackElo "1216"]
[PlyCount "65"]

1. e4 d6 2. d4 Nf6 3. Nc3 c6 4. Be2 g6 5. h3 Bg7 6. Nf3 O-O 7. O-O Re8 8. Bg5
Nbd7 9. Qd2 b5 10. a3 Bb7 11. Bd3 Qb6 12. b4 e5 13. dxe5 Nxe5 14. Nxe5 dxe5 15.
Be3 Qc7 16. Rad1 a5 17. f4 axb4 18. axb4 Nh5 19. f5 Nf4 20. fxg6 fxg6 21. Ne2
Nxd3 22. Qxd3 Rad8 23. Qb3+ Kh8 24. Rxd8 Qxd8 25. Bc5 Bc8 26. Qf7 Be6 27. Qb7
Bc4 28. Rf2 Qd1+ 29. Kh2 Bxe2 30. Rf7 Rg8 31. Bf8 Rxf8 32. Rxg7 Qd8 33. Rxh7+
1-0

[Event "Open Nord 2015/2016"]
[Site "Meyreuil"]
[Date "2016.01.15"]
[Round "6.14"]
[White "Salvi, Angele"]
[Black "Mignemi, Denis"]
[Result "0-1"]
[WhiteElo "1014"]
[BlackElo "1607"]
[PlyCount "46"]

1. e4 d5 2. exd5 Qxd5 3. Nc3 Qa5 4. Nge2 Bf5 5. d3 c6 6. g3 Qc7 7. Be3 e6 8.
Qd2 Nf6 9. f3 Nbd7 10. Bg2 Bb4 11. a3 Ba5 12. O-O Nd5 13. b4 Nxe3 14. Qxe3 Bb6
15. Nd4 e5 16. Nce2 O-O 17. c3 exd4 18. Qd2 dxc3+ 19. Kh1 cxd2 20. Rad1 Bxd3
21. Rxd2 Bxe2 22. Rxe2 Rae8 23. Rc2 Re7 0-1